000 00627nam a22002417a 4500
003 UA-OsUOA
001 41071
007 ta
008 20060915b un ||||| |||| 00| 0 ukr d
100 _aІваненко О. Д.
090 _a821.161.2
_bІ-18
942 _cBK
040 _aUA-OsUOA
_bukr
_cUA-OsUOA
_dUA-OsUOA
245 _aМарія
_bроман
300 _a542 с.
955 _a3
041 _aukr
080 _a821.161.2
020 _a5-330-00365-2
260 _aК.
_bРадянська школа
_c1988
650 7 _a82 Література. Літературознавство
_2UDC
999 _c327208
_d327208